[Event "Titled Tuesday intern op 09th Jan Early"]
[Site "Chess.com INT"]
[Date "2024.01.09"]
[Round "2"]
[White "Avramidou, Anastasia"]
[Black "Fernandez Garcia, Gumersindo"]
[Result "0-1"]
[WhiteElo "2287"]
[BlackElo "2117"]
[PlyCount "96"]
[EventDate "2024.01.09"]
[EventType "swiss (blitz)"]
[EventRounds "11"]
[EventCountry "USA"]
[SourceTitle "CB03_2024"]
[SourceDate "2024.01.17"]
[SourceVersion "1"]
[SourceVersionDate "2024.01.17"]
[SourceQuality "1"]

1. Nf3 d5 2. d4 Nf6 3. c4 e6 4. Nc3 Bb4 5. g3 0-0 6. Bg2 dxc4 7. 0-0 Nc6 8. Qa4 Bd7 9. Qc2 Rb8 10. Rd1 h6 11. e4 b5 12. Bf4 Qc8 13. a3 Bxc3 14. bxc3 a6 15. a4 Re8 16. h4 Ne7 17. axb5 axb5 18. Ra7 Rb7 19. Rda1 Bc6 20. Ne5 Rxa7 21. Rxa7 Bb7 22. Qb1 Nc6 23. Nxc6 Bxc6 24. Bxc7 Re7 25. Bb6 Rxa7 26. Bxa7 Qb7 27. Bc5 Nxe4 28. Bb4 Nd2 29. Bxc6 Qxc6 30. Qd1 Nf3+ 31. Kf1 Qe4 32. Qe2 Nh2+ 33. Ke1 Qh1+ 34. Kd2 Nf3+ 35. Kc2 Ne1+ 36. Kd2 Nd3 37. Ke3 Qc1+ 38. Kf3 Ne1+ 39. Kg4 Nd3 40. Kf3 Nxb4 41. cxb4 Qc3+ 42. Kg2 Qxb4 43. Qe4 Qd6 44. Qa8+ Kh7 45. f3 Qxd4 46. Qb7 c3 47. Qxf7 c2 48. Qc7 Qd2+ 0-1

[Event "Titled Tuesday intern op 09th Jan Early"]
[Site "Chess.com INT"]
[Date "2024.01.09"]
[Round "1"]
[White "Fernandez Garcia, Gumersindo"]
[Black "Ozates, Tuna"]
[Result "0-1"]
[WhiteElo "2117"]
[BlackElo "2290"]
[PlyCount "78"]
[EventDate "2024.01.09"]
[EventType "swiss (blitz)"]
[EventRounds "11"]
[EventCountry "USA"]
[SourceTitle "CB03_2024"]
[SourceDate "2024.01.17"]
[SourceVersion "1"]
[SourceVersionDate "2024.01.17"]
[SourceQuality "1"]

1. e4 c5 2. c3 d5 3. exd5 Nf6 4. d4 cxd4 5. Qxd4 Qxd5 6. Qxd5 Nxd5 7. Nf3 Nc6 8. Be2 Bg4 9. 0-0 0-0-0 10. h3 Bh5 11. Na3 f6 12. Nb5 a6 13. Nbd4 Nxd4 14. Nxd4 Bxe2 15. Nxe2 e5 16. Rd1 Bc5 17. a3 Nb6 18. Re1 Nc4 19. b3 Nd2 20. b4 Bb6 21. Ra2 Ne4 22. Be3 Bxe3 23. fxe3 Rd3 24. Rc2 Rxe3 25. Kf1 Rd8 26. Nc1 Rxe1+ 27. Kxe1 h5 28. c4 g5 29. c5 g4 30. hxg4 hxg4 31. c6 b5 32. Ke2 Kc7 33. Nb3 Rd6 34. Na5 f5 35. Ke3 Ng3 36. Kf2 f4 37. Ra2 e4 38. Ra1 e3+ 39. Ke1 f3 0-1

[Event "Titled Tuesday intern op 09th Jan Early"]
[Site "Chess.com INT"]
[Date "2024.01.09"]
[Round "3"]
[White "Kokoszczynski, Jan"]
[Black "Fernandez Garcia, Gumersindo"]
[Result "0-1"]
[WhiteElo "2250"]
[BlackElo "2117"]
[PlyCount "64"]
[EventDate "2024.01.09"]
[EventType "swiss (blitz)"]
[EventRounds "11"]
[EventCountry "USA"]
[SourceTitle "CB03_2024"]
[SourceDate "2024.01.17"]
[SourceVersion "1"]
[SourceVersionDate "2024.01.17"]
[SourceQuality "1"]

1. d4 Nf6 2. Bg5 e6 3. e4 c5 4. Nc3 cxd4 5. Qxd4 Nc6 6. Nb5 Nxd4 7. Nxd4 Qa5+ 8. Bd2 Qe5 9. Be3 Nxe4 10. Ngf3 Qa5+ 11. c3 d5 12. Bd3 Bd7 13. 0-0 Be7 14. b4 Qd8 15. Rac1 Rc8 16. c4 0-0 17. a3 Bf6 18. cxd5 exd5 19. Rcd1 Re8 20. h3 a6 21. Rfe1 Rc3 22. Bb1 Rxa3 23. Bf4 Qc8 24. Rc1 Rc3 25. Rcd1 h6 26. Re2 b6 27. Be3 a5 28. bxa5 bxa5 29. Ba2 Be6 30. Nb5 Rc2 31. Nbd4 Rxe2 32. Nxe2 Qc2 0-1

[Event "Titled Tuesday intern op 22nd Aug Early"]
[Site "Chess.com INT"]
[Date "2023.08.22"]
[Round "3"]
[White "Moral Garcia, Serafin"]
[Black "Fernandez Garcia, Gumersindo"]
[Result "0-1"]
[WhiteElo "2250"]
[BlackElo "2162"]
[PlyCount "118"]
[EventDate "2023.08.22"]
[EventType "swiss (blitz)"]
[EventRounds "11"]
[EventCountry "USA"]
[SourceTitle "EXT 2024"]
[Source "ChessBase"]
[SourceDate "2023.10.10"]
[SourceVersion "1"]
[SourceVersionDate "2023.10.10"]
[SourceQuality "1"]

1. e4 c5 2. Nf3 e6 3. c3 d5 4. exd5 Qxd5 5. d4 Nf6 6. a3 Nc6 7. Be3 cxd4 8. cxd4 Qa5+ 9. Nc3 Be7 10. Bd3 0-0 11. 0-0 Rd8 12. Qe2 Qh5 13. Rad1 b6 14. Bb1 Bb7 15. Rfe1 Rac8 16. h3 Bd6 17. Qd3 Bb8 18. Ne4 Nxe4 19. Qxe4 Na5 20. Qg4 Qxg4 21. hxg4 Nc4 22. Bc1 h6 23. b3 Na5 24. Rd3 Be4 25. Rxe4 Rxc1+ 26. Re1 Rdc8 27. Rdd1 Nxb3 28. Rxc1 Rxc1 29. Rxc1 Nxc1 30. Be4 Bd6 31. a4 Kf8 32. Kf1 Nb3 33. Ke2 Ke7 34. Kd3 Na5 35. Nd2 Kd7 36. Nc4 Nc6 37. g3 g6 38. Bg2 Nb4+ 39. Kc3 Nd5+ 40. Kd3 Nf6 41. f3 Nd5 42. Bf1 f5 43. gxf5 exf5 44. g4 fxg4 45. fxg4 h5 46. gxh5 gxh5 47. Bh3+ Ke7 48. Bc8 h4 49. Ke4 Nc3+ 50. Kf5 Nxa4 51. Kg4 Bg3 52. d5 Nc3 53. d6+ Bxd6 54. Kxh4 b5 55. Nd2 a5 56. Kg4 a4 57. Kf3 Bc5 58. Ne4 Nxe4 59. Kxe4 a3 0-1

[Event "Titled Tuesday intern op 15th Aug Early"]
[Site "Chess.com INT"]
[Date "2023.08.15"]
[Round "9"]
[White "Fernandez Garcia, Gumersindo"]
[Black "Clawitter, Craig"]
[Result "1-0"]
[WhiteElo "2162"]
[BlackElo "2050"]
[PlyCount "69"]
[EventDate "2023.08.15"]
[EventType "swiss (blitz)"]
[EventRounds "11"]
[EventCountry "USA"]
[SourceTitle "EXT 2024"]
[Source "ChessBase"]
[SourceDate "2023.10.10"]
[SourceVersion "1"]
[SourceVersionDate "2023.10.10"]
[SourceQuality "1"]

1. e4 e6 2. d4 d5 3. Nd2 Be7 4. Ngf3 Nf6 5. Bd3 c5 6. exd5 Qxd5 7. 0-0 cxd4 8. Bc4 Qd8 9. Nb3 Nc6 10. Nbxd4 Nxd4 11. Qxd4 Qxd4 12. Nxd4 a6 13. a4 Bd7 14. Rd1 Rc8 15. b3 Bb4 16. Bb2 Ke7 17. c3 Bc5 18. Re1 Rhd8 19. Rad1 Kf8 20. a5 Bxd4 21. Rxd4 Bb5 22. Rxd8+ Rxd8 23. Ba3+ Ke8 24. Bxb5+ axb5 25. g3 Rd3 26. Bb2 Nd5 27. c4 Rxb3 28. cxd5 Rxb2 29. dxe6 fxe6 30. Rxe6+ Kd7 31. Rb6 b4 32. Rxb7+ Kc6 33. Rxg7 b3 34. Kg2 Rb1 35. a6 1-0

[Event "Titled Tuesday intern op 15th Aug Late"]
[Site "Chess.com INT"]
[Date "2023.08.15"]
[Round "6"]
[White "Fernandez Garcia, Gumersindo"]
[Black "Deng, Henry"]
[Result "1/2-1/2"]
[WhiteElo "2162"]
[BlackElo "2308"]
[PlyCount "109"]
[EventDate "2023.08.15"]
[EventType "swiss (blitz)"]
[EventRounds "11"]
[EventCountry "USA"]
[SourceTitle "EXT 2024"]
[Source "ChessBase"]
[SourceDate "2023.10.10"]
[SourceVersion "1"]
[SourceVersionDate "2023.10.10"]
[SourceQuality "1"]

1. e4 e5 2. Nf3 Nc6 3. d4 exd4 4. Bc4 Nf6 5. 0-0 Nxe4 6. Re1 d5 7. Bxd5 Qxd5 8. Nc3 Qa5 9. Nxe4 Be6 10. Neg5 0-0-0 11. Nxe6 fxe6 12. Rxe6 Bd6 13. Bg5 Rde8 14. Qe2 Kd7 15. Re1 Qxe1+ 16. Qxe1 Rxe6 17. Qd1 Rhe8 18. g3 h6 19. Bd2 Re2 20. Kf1 R2e7 21. a3 Kc8 22. b4 a6 23. Bc1 Be5 24. Nxe5 Rxe5 25. Bb2 Kb8 26. Kg2 Re1 27. Qg4 g5 28. Qh5 R1e6 29. h4 gxh4 30. Qxh4 Rf8 31. Bxd4 Nxd4 32. Qxd4 Rd6 33. Qe3 Rc6 34. Qe4 Rd8 35. c4 Rd2 36. Qe3 Rd8 37. c5 Rf6 38. a4 Rdf8 39. b5 axb5 40. axb5 Rxf2+ 41. Qxf2 Rxf2+ 42. Kxf2 c6 43. bxc6 bxc6 44. Kf3 Ka7 45. Kf4 Ka6 46. Kf5 Kb5 47. Kg6 Kxc5 48. Kxh6 Kd4 49. g4 c5 50. g5 c4 51. g6 c3 52. g7 c2 53. g8Q c1Q+ 54. Qg5 Qxg5+ 55. Kxg5 1/2-1/2

[Event "Titled Tuesday intern op 15th Aug Early"]
[Site "Chess.com INT"]
[Date "2023.08.15"]
[Round "7"]
[White "Fernandez Garcia, Gumersindo"]
[Black "Guzman Lozano, Campo Elias"]
[Result "1-0"]
[WhiteElo "2162"]
[BlackElo "1924"]
[PlyCount "131"]
[EventDate "2023.08.15"]
[EventType "swiss (blitz)"]
[EventRounds "11"]
[EventCountry "USA"]
[SourceTitle "EXT 2024"]
[Source "ChessBase"]
[SourceDate "2023.10.10"]
[SourceVersion "1"]
[SourceVersionDate "2023.10.10"]
[SourceQuality "1"]

1. e4 c5 2. Nf3 Nc6 3. d4 cxd4 4. Nxd4 e5 5. Nb5 a6 6. Nd6+ Bxd6 7. Qxd6 Qe7 8. Qxe7+ Ngxe7 9. Nc3 d5 10. Nxd5 Nxd5 11. exd5 Nb4 12. Kd1 Bf5 13. Bd2 Nxc2 14. Rc1 Nd4 15. Rc7 0-0 16. Bc3 Rfd8 17. Bxd4 Rxd5 18. Bc4 Rxd4+ 19. Ke2 Bg6 20. Rc1 Rad8 21. Rxb7 Rxc4 22. Rxc4 Bd3+ 23. Ke3 Bxc4 24. b3 Bd5 25. Rb6 f5 26. Rxa6 f4+ 27. Ke2 Bxg2 28. f3 e4 29. fxe4 Bxe4 30. Re6 Bb1 31. a4 Bc2 32. Rb6 g5 33. a5 g4 34. a6 f3+ 35. Ke3 Re8+ 36. Kf2 Re2+ 37. Kg3 Rg2+ 38. Kh4 f2 39. a7 Be4 40. Rf6 Kg7 41. Rf4 Ba8 42. b4 Kg6 43. b5 h5 44. b6 Rxh2+ 45. Kg3 Rh3+ 46. Kxf2 Rb3 47. Rf8 Bd5 48. Rd8 Be4 49. Re8 Kf5 50. Rxe4 Kxe4 51. a8Q+ Kf4 52. Qb8+ Kg5 53. Qe5+ Kh4 54. Qe7+ Kh3 55. Ke2 Rxb6 56. Qe3+ Kh2 57. Qxb6 h4 58. Qf2+ Kh3 59. Kf1 g3 60. Qg2+ Kg4 61. Qe4+ Kg5 62. Kg1 h3 63. Qe3+ Kg4 64. Qe4+ Kg5 65. Qf3 Kh4 66. Qf4+ 1-0

[Event "Titled Tuesday intern op 15th Aug Late"]
[Site "Chess.com INT"]
[Date "2023.08.15"]
[Round "9"]
[White "Fernandez Garcia, Gumersindo"]
[Black "Seletsky, Grigory"]
[Result "0-1"]
[WhiteElo "2162"]
[BlackElo "2220"]
[PlyCount "122"]
[EventDate "2023.08.15"]
[EventType "swiss (blitz)"]
[EventRounds "11"]
[EventCountry "USA"]
[SourceTitle "EXT 2024"]
[Source "ChessBase"]
[SourceDate "2023.10.10"]
[SourceVersion "1"]
[SourceVersionDate "2023.10.10"]
[SourceQuality "1"]

1. e4 e6 2. d4 d5 3. Bd3 c6 4. Nc3 b6 5. Nf3 Ba6 6. Bxa6 Nxa6 7. 0-0 Nf6 8. Bg5 Be7 9. e5 Nd7 10. Bxe7 Qxe7 11. Qe2 Nc7 12. h4 0-0 13. Rad1 c5 14. Nb5 Nxb5 15. Qxb5 cxd4 16. Rxd4 Rfc8 17. c3 Nc5 18. Rg4 Ne4 19. Ng5 Nxg5 20. Rxg5 Rc4 21. f4 Qc5+ 22. Qxc5 bxc5 23. Rg3 Re4 24. Rgf3 g6 25. g3 h5 26. Kg2 a5 27. R1f2 a4 28. Rd2 Rb8 29. Rff2 Re3 30. Rfe2 Rxe2+ 31. Rxe2 c4 32. Kf3 a3 33. bxa3 Ra8 34. Ke3 Rxa3 35. Kd4 Kf8 36. Rc2 Ke7 37. Kc5 Kd7 38. Kb4 Ra8 39. a4 Kc6 40. a5 Rb8+ 41. Ka4 Rb1 42. Ra2 Kb7 43. Ra3 Ka6 44. Ra2 Rb3 45. Rc2 Rb5 46. g4 hxg4 47. Rg2 Rxa5+ 48. Kb4 Rb5+ 49. Ka4 Rb3 50. Rxg4 Rxc3 51. h5 gxh5 52. Rg5 Rf3 53. Rxh5 Rxf4 54. Kb4 Kb6 55. Rh8 Rf5 56. Rf8 Kc6 57. Kc3 Kd7 58. Kd4 Ke7 59. Ra8 Rf4+ 60. Kc3 Re4 61. Ra7+ Kf8 0-1

[Event "Titled Tuesday intern op 15th Aug Early"]
[Site "Chess.com INT"]
[Date "2023.08.15"]
[Round "10"]
[White "Musovic, Armin"]
[Black "Fernandez Garcia, Gumersindo"]
[Result "1-0"]
[WhiteElo "2255"]
[BlackElo "2162"]
[PlyCount "49"]
[EventDate "2023.08.15"]
[EventType "swiss (blitz)"]
[EventRounds "11"]
[EventCountry "USA"]
[SourceTitle "EXT 2024"]
[Source "ChessBase"]
[SourceDate "2023.10.10"]
[SourceVersion "1"]
[SourceVersionDate "2023.10.10"]
[SourceQuality "1"]

1. a3 c5 2. Nc3 g6 3. e4 Bg7 4. Bc4 e6 5. d3 Ne7 6. Bg5 Nbc6 7. Ba2 0-0 8. Nge2 h6 9. Bh4 Nd4 10. 0-0 d6 11. Nxd4 cxd4 12. Ne2 Qc7 13. f4 b5 14. g4 Nc6 15. f5 Ne5 16. f6 Bh8 17. h3 Nc6 18. Qd2 Kh7 19. Rf2 e5 20. Bg5 hxg5 21. Qxg5 Be6 22. Ng3 Bxa2 23. Nf5 Bxf6 24. Qxf6 gxf5 25. Rxf5 1-0

[Event "Titled Tuesday intern op 15th Aug Late"]
[Site "Chess.com INT"]
[Date "2023.08.15"]
[Round "7"]
[White "Santos Flores, Alberto Javier"]
[Black "Fernandez Garcia, Gumersindo"]
[Result "0-1"]
[WhiteElo "2200"]
[BlackElo "2162"]
[PlyCount "112"]
[EventDate "2023.08.15"]
[EventType "swiss (blitz)"]
[EventRounds "11"]
[EventCountry "USA"]
[SourceTitle "EXT 2024"]
[Source "ChessBase"]
[SourceDate "2023.10.10"]
[SourceVersion "1"]
[SourceVersionDate "2023.10.10"]
[SourceQuality "1"]

1. e4 c5 2. Nf3 e6 3. g3 g6 4. d4 Bg7 5. dxc5 Qa5+ 6. c3 Qxc5 7. Na3 Nf6 8. Be3 Qc6 9. Bg2 0-0 10. e5 Ng4 11. Bf4 Qc5 12. Qe2 Nc6 13. 0-0 Ngxe5 14. Nxe5 Nxe5 15. Nb5 a6 16. Nd4 Nc6 17. Nb3 Qb5 18. Qxb5 axb5 19. Bd6 Re8 20. Rfd1 b4 21. Bxc6 bxc6 22. Bxb4 d5 23. Bc5 Ba6 24. f4 Bc4 25. Bd4 Bxb3 26. axb3 Rxa1 27. Rxa1 Bxd4+ 28. cxd4 Rb8 29. Ra3 Rb4 30. Kf2 Rxd4 31. Ke3 Rb4 32. Kd2 c5 33. Kc3 Rb5 34. Ra8+ Kg7 35. Rc8 h5 36. h3 Kf6 37. g4 hxg4 38. hxg4 g5 39. fxg5+ Kxg5 40. Rc7 Kg6 41. Rc8 f5 42. gxf5+ Kxf5 43. Rc7 Ke4 44. Rc8 e5 45. Rc7 Ke3 46. Rh7 d4+ 47. Kc4 Rb4+ 48. Kxc5 Rxb3 49. Re7 e4 50. Kd5 Rb5+ 51. Kc4 Rxb2 52. Kd5 Rb5+ 53. Kc4 Rh5 54. Rd7 d3 55. Rg7 d2 56. Rd7 Ke2 0-1

[Event "Titled Tuesday intern op 01st Aug Early"]
[Site "Chess.com INT"]
[Date "2023.08.01"]
[Round "1"]
[White "Fernandez Garcia, Gumersindo"]
[Black "Krzyzanowski, Marcin"]
[Result "0-1"]
[WhiteElo "2162"]
[BlackElo "2512"]
[PlyCount "88"]
[EventDate "2023.08.01"]
[EventType "swiss (blitz)"]
[EventRounds "11"]
[EventCountry "USA"]
[SourceTitle "EXT 2024"]
[Source "ChessBase"]
[SourceDate "2023.10.10"]
[SourceVersion "1"]
[SourceVersionDate "2023.10.10"]
[SourceQuality "1"]

1. d4 Nf6 2. c4 d6 3. Nf3 g6 4. Nc3 Bf5 5. Bg5 Bg7 6. e3 0-0 7. Be2 c5 8. 0-0 Nc6 9. h3 cxd4 10. Nxd4 Nxd4 11. exd4 Ne4 12. Nxe4 Bxe4 13. Rc1 h6 14. Bh4 Re8 15. Re1 Qb6 16. Bf3 Bxf3 17. Qxf3 g5 18. Bg3 Qxd4 19. b3 Qb6 20. Re2 e5 21. Rd1 Rad8 22. Rd5 Re6 23. h4 Rde8 24. Re4 Qd8 25. Qh5 Qf6 26. Rg4 Qg6 27. Qxg6 Rxg6 28. hxg5 hxg5 29. c5 f5 30. Ra4 f4 31. Bh2 dxc5 32. Rxa7 b6 33. f3 e4 34. fxe4 Rxe4 35. Kf1 Kh7 36. Bg1 Kh6 37. Bf2 Rge6 38. Rdd7 Bf6 39. Rab7 g4 40. g3 f3 41. Rh7+ Kg6 42. Rhd7 Bd4 43. Bxd4 Re1+ 44. Kf2 R6e2# 0-1

[Event "Pontevedra op 11th"]
[Site "Pontevedra"]
[Date "2023.07.24"]
[Round "1"]
[White "Ruck, Robert"]
[Black "Fernandez Garcia, Gumersindo"]
[Result "1-0"]
[WhiteElo "2531"]
[BlackElo "2160"]
[PlyCount "77"]
[EventDate "2023.07.24"]
[EventType "swiss"]
[EventRounds "9"]
[EventCountry "ESP"]
[SourceTitle "CBM 215 Extra"]
[Source "ChessBase"]
[SourceDate "2023.09.30"]
[SourceVersion "1"]
[SourceVersionDate "2023.09.30"]
[SourceQuality "1"]

1. Nf3 d5 2. g3 Nf6 3. Bg2 c6 4. 0-0 Bf5 5. d3 h6 6. c4 e6 7. Qb3 Qb6 8. cxd5 exd5 9. Qc2 Be7 10. Nc3 0-0 11. e4 dxe4 12. dxe4 Bh7 13. Be3 Qa6 14. Rfd1 b5 15. Nd4 Nbd7 16. Qe2 Nc5 17. e5 Nfe4 18. Nxe4 Nxe4 19. a4 Qb7 20. Qg4 h5 21. Qxh5 Bg6 22. Qg4 Qc8 23. Qe2 a6 24. Bf4 c5 25. Bxe4 Bxe4 26. Qxe4 cxd4 27. axb5 axb5 28. Rxa8 Qxa8 29. Qxa8 Rxa8 30. Rxd4 Ra1+ 31. Kg2 Rb1 32. Rd2 g5 33. Be3 Kg7 34. Kf3 Kg6 35. Kg4 f5+ 36. exf6 Bxf6 37. Rd6 Kf7 38. Rb6 b4 39. Rxb4 1-0

[Event "Titled Tuesday intern op 06th Jun Early"]
[Site "Chess.com INT"]
[Date "2023.06.06"]
[Round "10"]
[White "Clawitter, Craig"]
[Black "Fernandez Garcia, Gumersindo"]
[Result "0-1"]
[WhiteElo "2050"]
[BlackElo "2160"]
[PlyCount "60"]
[EventDate "2023.06.06"]
[EventType "swiss (blitz)"]
[EventRounds "11"]
[EventCountry "USA"]
[SourceTitle "EXT 2024"]
[Source "ChessBase"]
[SourceDate "2023.10.10"]
[SourceVersion "1"]
[SourceVersionDate "2023.10.10"]
[SourceQuality "1"]

1. e4 e5 2. Nc3 Nf6 3. g3 d5 4. exd5 Nxd5 5. Bg2 Nxc3 6. bxc3 Bd6 7. Nf3 0-0 8. 0-0 Nc6 9. Rb1 f5 10. d4 e4 11. Ng5 h6 12. Nh3 g5 13. Qh5 Qf6 14. f3 exf3 15. Bxf3 Kg7 16. Nf2 Qg6 17. Nd3 Qxh5 18. Bxh5 Na5 19. Ne5 Bxe5 20. dxe5 Be6 21. Bf3 Rab8 22. Be3 b6 23. Rbd1 Rfd8 24. h4 Nc4 25. Bc1 g4 26. Bg2 c5 27. Bf4 b5 28. Kf2 a5 29. Rxd8 Rxd8 30. Ke2 Nb2 0-1

[Event "Titled Tuesday intern op 06th Jun Early"]
[Site "Chess.com INT"]
[Date "2023.06.06"]
[Round "5"]
[White "Czerw, Dawid"]
[Black "Fernandez Garcia, Gumersindo"]
[Result "1/2-1/2"]
[WhiteElo "2400"]
[BlackElo "2160"]
[PlyCount "119"]
[EventDate "2023.06.06"]
[EventType "swiss (blitz)"]
[EventRounds "11"]
[EventCountry "USA"]
[SourceTitle "EXT 2024"]
[Source "ChessBase"]
[SourceDate "2023.10.10"]
[SourceVersion "1"]
[SourceVersionDate "2023.10.10"]
[SourceQuality "1"]

1. Nf3 Nf6 2. Ng1 e5 3. Nc3 d5 4. Nb1 Nc6 5. e3 Bd6 6. d4 exd4 7. exd4 0-0 8. Nf3 Bg4 9. Be2 Re8 10. 0-0 Ne4 11. h3 Bf5 12. Nc3 Nxc3 13. bxc3 Ne7 14. Bd3 Be4 15. Nd2 Bxd3 16. cxd3 Ng6 17. g3 c6 18. Kg2 Qf6 19. Nf3 h6 20. Nh2 Re6 21. f4 Qe7 22. Rf2 f5 23. Nf3 Rf8 24. a4 h5 25. h4 Nh8 26. Ng5 Re1 27. Qxh5 g6 28. Qf3 Nf7 29. Bb2 Nxg5 30. hxg5 Rxa1 31. Bxa1 Kg7 32. Re2 Qd7 33. Qe3 Rf7 34. Qe6 Qc7 35. Bb2 b5 36. c4 bxa4 37. c5 Bf8 38. Kf3 Qb7 39. Rh2 Qe7 40. Qxc6 Qe1 41. Qxd5 Qf1+ 42. Rf2 Qd1+ 43. Kg2 Qxd3 44. Qe5+ Kg8 45. d5 Bg7 46. Qe8+ Rf8 47. Qe6+ Kh7 48. Bxg7 Kxg7 49. d6 Rf7 50. Qe5+ Kg8 51. c6 Qc4 52. c7 Qc6+ 53. Kg1 Rh7 54. Qe6+ Kg7 55. Qf6+ Kg8 56. Qd8+ Kg7 57. Qf6+ Kg8 58. Qe6+ Kg7 59. Qe5+ Kg8 60. Qe6+ 1/2-1/2

[Event "Titled Tuesday intern op 30th May Early"]
[Site "Chess.com INT"]
[Date "2023.05.30"]
[Round "4"]
[White "Fernandez Garcia, Gumersindo"]
[Black "Coelho, Ramyres Santana"]
[Result "0-1"]
[WhiteElo "2160"]
[BlackElo "1981"]
[PlyCount "66"]
[EventDate "2023.05.30"]
[EventType "swiss (blitz)"]
[EventRounds "11"]
[EventCountry "USA"]
[SourceTitle "CBM 214 Extra"]
[Source "ChessBase"]
[SourceDate "2023.07.31"]
[SourceVersion "1"]
[SourceVersionDate "2023.07.31"]
[SourceQuality "1"]

1. e4 c5 2. b4 cxb4 3. d4 e6 4. Bd3 d5 5. e5 Nc6 6. Ne2 Qb6 7. 0-0 Bd7 8. Be3 Nge7 9. f4 Nf5 10. Bxf5 exf5 11. Qd3 g6 12. a3 Be7 13. c3 b3 14. Nd2 b2 15. Ra2 0-0 16. Rb1 Rac8 17. Raxb2 Qc7 18. Rxb7 Qd8 19. c4 dxc4 20. Nxc4 Be6 21. Nd2 Bc5 22. Nf3 Bb6 23. Ng5 Bd5 24. Nc3 Na5 25. Nxd5 Qxd5 26. Re7 Qa2 27. Rf1 Rc2 28. Rf2 Rfc8 29. e6 f6 30. Rxc2 Rxc2 31. Qf1 Qxa3 32. Rd7 Qxe3+ 33. Kh1 Rc1 0-1

[Event "Titled Tuesday intern op 30th May Early"]
[Site "Chess.com INT"]
[Date "2023.05.30"]
[Round "2"]
[White "Fernandez Garcia, Gumersindo"]
[Black "Dilmukhametov, Artur"]
[Result "1-0"]
[WhiteElo "2160"]
[BlackElo "2276"]
[PlyCount "137"]
[EventDate "2023.05.30"]
[EventType "swiss (blitz)"]
[EventRounds "11"]
[EventCountry "USA"]
[SourceTitle "CBM 214 Extra"]
[Source "ChessBase"]
[SourceDate "2023.07.31"]
[SourceVersion "1"]
[SourceVersionDate "2023.07.31"]
[SourceQuality "1"]

1. e4 e5 2. Nf3 Nf6 3. Nxe5 d5 4. Nf3 dxe4 5. Ng1 Nc6 6. Bb5 Bc5 7. Ne2 0-0 8. Bxc6 bxc6 9. Nbc3 Re8 10. h3 Ba6 11. 0-0 Qd7 12. Re1 Rad8 13. Ng3 e3 14. dxe3 Qxd1 15. Rxd1 Rxd1+ 16. Nxd1 Rd8 17. Nc3 Bb4 18. a3 Bxc3 19. bxc3 Rd1+ 20. Kh2 Nd5 21. Ne4 f5 22. Nc5 Bc4 23. Nb3 Nxc3 24. Bb2 Rxa1 25. Bxa1 Ne4 26. f3 Bxb3 27. cxb3 Nd2 28. b4 Nc4 29. Bd4 Nxa3 30. Bxa7 Kf7 31. Kg3 Ke6 32. Bc5 g5 33. h4 h6 34. h5 Nc4 35. Kf2 Kf7 36. Ke2 Nd6 37. Kd3 Ne8 38. Bd4 Nf6 39. Bxf6 Kxf6 40. Kd4 g4 41. f4 Ke6 42. g3 Kd6 43. e4 fxe4 44. Kxe4 c5 45. b5 Ke6 46. Ke3 Kd5 47. Kd3 c4+ 48. Kc3 Kc5 49. f5 Kd5 50. f6 Ke6 51. Kxc4 Kxf6 52. Kc5 Ke5 53. Kc6 Ke4 54. Kxc7 Kf3 55. b6 Kxg3 56. b7 Kh2 57. b8Q g3 58. Kc6 Kh3 59. Qc8+ Kh2 60. Qb8 Kh3 61. Qb3 Kh2 62. Qe3 g2 63. Qf4+ Kh1 64. Qh4+ Kg1 65. Kd5 Kf1 66. Qf4+ Ke2 67. Qg3 Kf1 68. Qf3+ Ke1 69. Qxg2 1-0

[Event "Titled Tuesday intern op 30th May Early"]
[Site "Chess.com INT"]
[Date "2023.05.30"]
[Round "9"]
[White "Fernandez Garcia, Gumersindo"]
[Black "Jeet, Jain"]
[Result "1-0"]
[WhiteElo "2160"]
[BlackElo "2199"]
[PlyCount "81"]
[EventDate "2023.05.30"]
[EventType "swiss (blitz)"]
[EventRounds "11"]
[EventCountry "USA"]
[SourceTitle "CBM 214 Extra"]
[Source "ChessBase"]
[SourceDate "2023.07.31"]
[SourceVersion "1"]
[SourceVersionDate "2023.07.31"]
[SourceQuality "1"]

1. d4 c6 2. c4 d5 3. Nc3 Nf6 4. Nf3 e6 5. g3 dxc4 6. Bg2 b5 7. a4 b4 8. Nb1 Ba6 9. 0-0 Nbd7 10. Bf4 Nd5 11. Ne5 Nxf4 12. gxf4 Nxe5 13. fxe5 Rc8 14. e3 c5 15. d5 exd5 16. Bxd5 Qg5+ 17. Kh1 Qxe5 18. Qf3 Rc7 19. Rg1 Bd6 20. Qg2 g6 21. Nd2 Qxb2 22. Nxc4 Bxc4 23. Bxc4 0-0 24. Rad1 Be5 25. Qe4 Bg7 26. f4 Qf6 27. f5 Re7 28. Qf3 Rfe8 29. Rd3 a5 30. Rf1 g5 31. Bd5 h6 32. Rc1 Qb2 33. Rxc5 Be5 34. Qh5 Qa1+ 35. Rd1 Qxa4 36. e4 Bf4 37. Rc6 g4 38. Qxg4+ Kh7 39. Qxf4 Qxd1+ 40. Kg2 Rg8+ 41. Kf2 1-0

[Event "Titled Tuesday intern op 30th May Early"]
[Site "Chess.com INT"]
[Date "2023.05.30"]
[Round "8"]
[White "Fernandez Garcia, Gumersindo"]
[Black "Makaraci, Tunahan"]
[Result "1-0"]
[WhiteElo "2160"]
[BlackElo "2296"]
[PlyCount "81"]
[EventDate "2023.05.30"]
[EventType "swiss (blitz)"]
[EventRounds "11"]
[EventCountry "USA"]
[SourceTitle "CBM 214 Extra"]
[Source "ChessBase"]
[SourceDate "2023.07.31"]
[SourceVersion "1"]
[SourceVersionDate "2023.07.31"]
[SourceQuality "1"]

1. e4 c5 2. c3 d5 3. exd5 Qxd5 4. Nf3 g6 5. d4 Bg7 6. Be2 Nc6 7. 0-0 Nf6 8. c4 Qd8 9. d5 Nb8 10. Nc3 0-0 11. Bg5 Bg4 12. h3 Bxf3 13. Bxf3 Nbd7 14. Re1 Re8 15. Qd2 a6 16. a4 Qc7 17. Bf4 Qa5 18. Re2 Nf8 19. Rae1 e6 20. Bg5 exd5 21. Nxd5 Qxd2 22. Bxd2 Rxe2 23. Rxe2 Ne6 24. Nxf6+ Bxf6 25. Bxb7 Rb8 26. Bd5 Nd4 27. Re1 Rxb2 28. Bh6 Re2 29. Rb1 Re8 30. Rb7 Be7 31. g3 Nf5 32. Bf4 Kg7 33. h4 h5 34. Kg2 Rf8 35. Ra7 Bd6 36. Bxd6 Nxd6 37. Rxa6 Nf5 38. Ra7 Nd4 39. a5 Kf6 40. a6 Ke5 41. Rxf7 1-0